| 000 | 00873nam a2200241Ia 4500 | ||
|---|---|---|---|
| 005 | 20211108100509.0 | ||
| 008 | 130821s1967 mx gr spa | ||
| 020 | _a[sin ISBN] | ||
| 040 |
_aCO-BoUCM _bspa _cJose A. Gerena (modificó) _d[Nuevo] |
||
| 041 | _aspa | ||
| 100 | 1 |
_aWood, Bryce _968193 |
|
| 245 | 3 |
_aLa política del buen vecino _cBryce Wood; Traducción por Francisco Gómez Palacio |
|
| 260 |
_aMéxico D.F. (México) _bUteha _c1967 |
||
| 300 | _aix, 394 páginas | ||
| 490 | _aBiblioteca Uteha de Historia | ||
| 650 | 0 | 7 |
_aCiencia política _9340 |
| 650 | 0 | 7 |
_aRelaciones internacionales _98042 |
| 651 | 4 |
_aEstados Unidos _bRelaciones internacionales _9448 |
|
| 690 |
_aRelaciones internacionales _98042 |
||
| 700 | 1 |
_aGómez Palacio, Francisco _etraductor _9114321 |
|
| 942 |
_cLIBRO _a6 _e1 _mW873p _2DEWEY _h327.73 |
||
| 999 |
_c6572 _d6572 |
||